00464nam a2200145 a 4500008004100000050001500041100002200056245010500078246001700183250001500200260003200215300002100247350000900268650004100277120416s1964 ||||||||||||||||| || u aQA 331 Spi aSpiegel, Murray R10aSchaum's outline of theory and problems of complex variables with an introduction to conformal mappi aS. Lipschutz aSI(metric) aNew YorkbMcGraw-Hillc1964 a[vi] 313p. : ill a0.00 0aMATHEMATICS--HANDBOOKS, MANUALS, ETC